000 00967nmm a2200301 a 4500
001 ocm0001162410
003 TR-IsHL
005 20201028154020.0
008 150709s2015 tu tur
007 cr cn
020 _a9789758915743
035 _a1162410
_b(N$T)
050 0 4 _aDS811
_b.D46 2015
090 0 4 _aDS811
_b.D46 2015
100 1 _aDemirdurak, Bülent
245 1 0 _aJaponya
_h[electronic resource] /
_cBülent Demirdurak ; editör Taceddin Köseoğlu
260 _aİstanbul :
_bGiTa Yayınları,
_c2015
300 _a119 p.
650 4 _aTarih
650 4 _aHistory
650 0 _aJapan
_x Description and travel
650 0 _aJapan
_x Pictorial works
650 0 _aJaponya
_x Tanıtım ve seyahat
650 0 _aJaponya
_x Resimli çalışmalar
650 7 _aTRAVEL / Asia / Japan
_2bisacsh
700 1 _aKöseoğlu, Taceddin
856 4 0 _uhttp://search.ebscohost.com/login.aspx?direct=true&scope=site&db=e011xww&AN=1162410
999 _c12352
_d12352